Vhled do vývoje vědeckého poznání rodinného podnikání

Cieľom príspevku je priblížiť výskumnú problematiku rodinného podnikania prostredníctvom systematického preskúmania literatúry predovšetkým z pohľadu tematických okruhov, vedeckých metód, veľkosti výskumnej vzorky. Vyhodnotenie, ktoré metódy sú vhodné na skúmanie problematiky rodinného podnikania.

Saved in:
Bibliographic Details
Main Author: Petrů, Naděžda
Other Authors: Naďová Krošláková, Monika, 1975-
Format: Book Chapter
Language:Czech
Subjects:
Tags: Add Tag
No Tags, Be the first to tag this record!

MARC

LEADER 00000naa$a2200000$$$4500
001 0281198
005 20240502083903.9
041 0 |a cze 
044 |a CZ 
245 1 0 |a Vhled do vývoje vědeckého poznání rodinného podnikání  |c Naděžda Petrů, Monika Naďová Krošláková 
520 |a Cieľom príspevku je priblížiť výskumnú problematiku rodinného podnikania prostredníctvom systematického preskúmania literatúry predovšetkým z pohľadu tematických okruhov, vedeckých metód, veľkosti výskumnej vzorky. Vyhodnotenie, ktoré metódy sú vhodné na skúmanie problematiky rodinného podnikania. 
610 2 0 |a podnikanie rodinné 
610 2 0 |a vzťahy obchodné 
610 2 0 |a správa podniku 
610 2 0 |a manažment 
100 1 |a Petrů, Naděžda 
700 1 |a Naďová Krošláková, Monika, 1975-